000 00336nam a2200133Ia 4500
005 20250424120232.0
008 250424s9999 xx 000 0 und d
245 0 _aDiamond education magazine
260 _aAbuja
260 _bDiamond Education Magazine Nigeria Ltd.
260 _c2012
300 _a58 p. : ill. ; 30 cm.
942 _cSR
999 _c38158
_d38158